| 000 | 00000nam##2200000za#4500 |
| 001 | 9.631363 |
| 003 | CaOODSP |
| 005 | 20210624214306 |
| 007 | cr ||||||||||| |
| 008 | 150407|2004||||xxc|||||o f|0| 0 fre|d |
| 020 | |a0-662-76193-6 |
| 040 | |aCaOODSP|bfre |
| 043 | |an-cn--- |
| 086 | 1 |aIu44-11/2004F-PDF |
| 110 | 1 |aCanada.|bIndustrie Canada. |bSecteur de l'industrie. |
| 245 | 10|aFeuille de route d'innovation sur les carburants et les prouduits industriels issus de la biomasse |h[ressource électronique] |
| 260 | |aOttawa - Ontario : |bIndustrie Canada. |c2004. |
| 300 | |a66p.|bill. en couleur, graphiques, tableaux |
| 500 | |aLe no. de cat. Iu44-11/2004F-HTML est incorrect. |
| 691 | 07|aBiotechnologie|2gcpds |
| 775 | 08|tInnovation roadmap on bio-based feedstocks, fuels and industrial bioproducts |w(CaOODSP)9.686899 |
| 776 | 0#|tInnovation roadmap on bio-based feedstocks, fuels and industrial products |w(CaOODSP)9.665401 |
| 776 | 0#|tFeuille de route d'innovation sur les matières premières, les carburants et les produits industriels issus de la biomasse |w(CaOODSP)9.665402 |
| 856 | 40|ahttp://publications.gc.ca|qPDF|s4,057 Ko|uhttps://publications.gc.ca/collections/Collection/Iu44-11-2004F.pdf |